The joy luck club / (Record no. 20186)

MARC details
000 -LEADER
fixed length control field 01673cam a22003735a 4500
001 - CONTROL NUMBER
control field ocm76273134
003 - CONTROL NUMBER IDENTIFIER
control field EG-ScBUE
005 - DATE AND TIME OF LATEST TRANSACTION
control field 20210131122424.0
008 - FIXED-LENGTH DATA ELEMENTS--GENERAL INFORMATION
fixed length control field 061117s2006 nyu f 000 1 eng d
020 ## - INTERNATIONAL STANDARD BOOK NUMBER
International Standard Book Number 0143038095 (pbk.)
020 ## - INTERNATIONAL STANDARD BOOK NUMBER
International Standard Book Number 9780143038092 (pbk.)
040 ## - CATALOGING SOURCE
Original cataloging agency JJG
Language of cataloging eng
Description conventions rda
Transcribing agency JJG
Modifying agency YDXCP
-- BTCTA
-- BAKER
-- IHE
-- EUF
-- OCLCQ
-- EG-ScBUE
082 04 - DEWEY DECIMAL CLASSIFICATION NUMBER
Classification number 813.54
Item number TAN
Edition number 22
100 1# - MAIN ENTRY--PERSONAL NAME
Personal name Tan, Amy,
Relator term author.
9 (RLIN) 39108
245 14 - TITLE STATEMENT
Title The joy luck club /
Statement of responsibility, etc Amy Tan.
264 #1 - PUBLICATION, DISTRIBUTION, ETC. (IMPRINT)
Place of publication, distribution, etc New York :
Name of publisher, distributor, etc Penguin Books,
Date of publication, distribution, etc 2006.
300 ## - PHYSICAL DESCRIPTION
Extent 288 pages ;
Dimensions 21 cm
336 ## - CONTENT TYPE
Source rdacontent
Content type term text
Content type code txt
337 ## - MEDIA TYPE
Source rdamedia
Media type term unmediated
Media type code n
338 ## - CARRIER TYPE
Source rdacarrier
Carrier type term volume
Carrier type code nc
500 ## - GENERAL NOTE
General note "New York bestseller".
505 0# - FORMATTED CONTENTS NOTE
Formatted contents note Feathers from a thousand Li away -- The twenty-six malignant gates -- American translation -- Queen mother of the western skies.
520 ## - SUMMARY, ETC.
Summary, etc In 1949, four Chinese women--drawn together by the shadow of their past--begin meeting in San Francisco to play mah jong, invest in stocks and "say" stories. They call their gathering the Joy Luck Club--and forge a relationship that binds them for more than three decades.
650 #7 - SUBJECT ADDED ENTRY--TOPICAL TERM
Topical term or geographic name as entry element Women
General subdivision Societies and clubs
Form subdivision Fiction.
Source of heading or term BUEsh
9 (RLIN) 39109
650 #7 - SUBJECT ADDED ENTRY--TOPICAL TERM
Topical term or geographic name as entry element Reminiscing in old age
Form subdivision Fiction.
Source of heading or term BUEsh
9 (RLIN) 39111
650 #7 - SUBJECT ADDED ENTRY--TOPICAL TERM
Topical term or geographic name as entry element Chinese American women
Form subdivision Fiction.
Source of heading or term BUEsh
9 (RLIN) 39112
650 #7 - SUBJECT ADDED ENTRY--TOPICAL TERM
Topical term or geographic name as entry element Mothers and daughters
Form subdivision Fiction.
Source of heading or term BUEsh
9 (RLIN) 39113
650 #7 - SUBJECT ADDED ENTRY--TOPICAL TERM
Topical term or geographic name as entry element Loss (Psychology)
Form subdivision Fiction.
Source of heading or term BUEsh
9 (RLIN) 39114
650 #7 - SUBJECT ADDED ENTRY--TOPICAL TERM
Topical term or geographic name as entry element Female friendship
Form subdivision Fiction.
Source of heading or term BUEsh
9 (RLIN) 39115
651 #7 - SUBJECT ADDED ENTRY--GEOGRAPHIC NAME
Geographic name San Francisco (Calif.)
Form subdivision Fiction.
Source of heading or term BUEsh
9 (RLIN) 39116
653 ## - INDEX TERM--UNCONTROLLED
Arrived date list July2015
-- January2016
Resource For college Humanities: English
655 ## - INDEX TERM--GENRE/FORM
Form subdivision Reading book
9 (RLIN) 34232
942 ## - ADDED ENTRY ELEMENTS (KOHA)
Source of classification or shelving scheme Dewey Decimal Classification
Koha item type Book - Borrowing
Holdings
Withdrawn status Lost status Source of classification or shelving scheme Damaged status Not for loan Collection code Home library Current library Shelving location Date acquired Source of acquisition Cost, normal purchase price Serial Enumeration / chronology Total Checkouts Total Renewals Full call number Barcode Date last seen Date checked out Cost, replacement price Koha item type
    Dewey Decimal Classification     Baccah Central Library Central Library Second Floor 05/07/2015 Purchase 104.00 22696 3 1 813.54 TAN 000038903 15/07/2025 19/02/2023 130.00 Book - Borrowing